000 00557nam a2200205Ia 4500
003 OSt
005 20230502112425.0
008 210423s2012 xx 000 0 und d
020 _a9788182813533
040 _cAL
041 _aeng
082 _a658.152
_223
_bARIM
100 _aARIF PASHA (Mohammed).
_995841
245 _aSecurity analysis and portfolio management.
260 _aNew Delhi
_bVrinda Publications Ltd
_c2012
300 _a641
_bPB
365 _b300
_cINR
906 _aanalysis ; management. ; portfolio ; Security
942 _2ddc
_cBK
999 _c161427
_d161427